| 000 | 00835nam a22001457a 4500 | ||
|---|---|---|---|
| 020 | _a9788173719547 | ||
| 040 | _cNUST | ||
| 082 | _a004.678,BAH | ||
| 100 |
_aBahga, Arshdeep _93679 |
||
| 245 |
_aInternet of things : _bA Hands-on approach / _cArshdeep Bahga. Vijay Madisetti |
||
| 260 |
_aIndia _bUniversity Press _c2016 |
||
| 300 | _a519 p.: | ||
| 505 | _aIntroduction and Concepts (Page-17), Domain Specific LoTs (Page-53), LoT and M2M (Page-75), LoT System Management with NETCONF-YANG (Page-91), LoT Platform Design Methodology (Page-113), LoT System-Logical Design Using Phthon (Page-139), LoT Physical Devices and Endpoints (Page-177), LoT Physical Servers & Cloud Offerings (Page-197), Case Studies Illustrating LoT Design (Page-253), Data Analysis for LoT (Page-335), Tools fir LoT (Page-413). | ||
| 942 |
_2ddc _cBK _k004.678,BAH |
||
| 999 |
_c590751 _d590751 |
||